| Tag |
First Indicator |
Second Indicator |
Subfields |
| LEADER |
00000cam a2200000 a 4500 |
| 001 |
in00001529021 |
| 005 |
20151022050429.0 |
| 008 |
990809s2000 ncua bq 001 0deng |
| 010 |
|
|
|a 99043492
|
| 015 |
|
|
|a GB99-V1328
|
| 019 |
|
|
|a 42745905
|
| 020 |
|
|
|a 0786407239 (illus. case bdg. : alk. paper)
|
| 035 |
|
|
|a (OCoLC)42080283
|
| 040 |
|
|
|a DLC
|c DLC
|d UKM
|d C#P
|d TXA
|d UtOrBLW
|
| 042 |
|
|
|a pcc
|
| 049 |
|
|
|a TXAM
|
| 050 |
0 |
0 |
|a PN2287.M523
|b L46 2000
|
| 082 |
0 |
0 |
|a 791.43/028/092
|2 21
|
| 100 |
1 |
|
|a Lentz, Robert J.,
|d 1960-
|
| 245 |
1 |
0 |
|a Lee Marvin :
|b his films and career /
|c by Robert J. Lentz.
|
| 264 |
|
1 |
|a Jefferson, N.C. :
|b McFarland,
|c [2000]
|
| 264 |
|
4 |
|c ©2000
|
| 300 |
|
|
|a ix, 228 pages :
|b illustrations ;
|c 26 cm.
|
| 336 |
|
|
|a text
|b txt
|2 rdacontent
|
| 337 |
|
|
|a unmediated
|b n
|2 rdamedia
|
| 338 |
|
|
|a volume
|b nc
|2 rdacarrier
|
| 504 |
|
|
|a Includes filmographies.
|
| 504 |
|
|
|a Includes bibliographical references (pages 203-218) and index.
|
| 600 |
1 |
0 |
|a Marvin, Lee.
|
| 650 |
|
0 |
|a Motion picture actors and actresses
|z United States
|v Biography.
|
| 948 |
|
|
|a cataloged
|b h
|c 2000/3/31
|d c
|e jgreene
|f 1:19:27 pm
|
| 994 |
|
|
|a E0
|b TXA
|
| 999 |
|
|
|a MARS
|
| 999 |
f |
f |
|s 5d600566-0cc1-359a-a59d-ebb659bfb145
|i d84ac151-60e6-3758-b0ba-418bf0670d1c
|t 0
|
| 952 |
f |
f |
|p ric
|a Texas A&M University
|b Rellis Campus
|c Joint Library Facility
|d Remote Storage
|t 0
|e PN2287.M523 L46 2000
|h Library of Congress classification
|i unmediated -- volume
|m A14825914475
|
| 998 |
f |
f |
|a PN2287.M523 L46 2000
|t 0
|l Remote Storage
|